| 000 | 00406nam a2200145Ia 4500 | ||
|---|---|---|---|
| 008 | 231129s1994||||xx |||||||||||||| ||spa|| | ||
| 020 | _a958-9190-13-8 | ||
| 040 | _bspa | ||
| 082 | _a273.1 A926mi | ||
| 100 | _aAun Weor Samael | ||
| 245 | 0 | _aEl misterio del aureo florecer | |
| 260 | _c1994 | ||
| 264 | _aMovimiento Gnostico Cristiano Universal | ||
| 942 |
_2ddc _cBKS |
||
| 999 |
_c11721 _d11721 |
||